Soan : (Record no. 75139)
[ view plain ]
| 000 -LEADER | |
|---|---|
| fixed length control field | 01102nam a22003132a 4500 |
| 001 - CONTROL NUMBER | |
| control field | 75139 |
| 003 - CONTROL NUMBER IDENTIFIER | |
| rucl marc code | BD-RjUL |
| 005 - DATE AND TIME OF LATEST TRANSACTION | |
| control field | 20211209082643.0 |
| 008 - FIXED-LENGTH DATA ELEMENTS--GENERAL INFORMATION | |
| fixed length control field | 500101s1962 pk ab b f000 0 eng u |
| 035 ## - SYSTEM CONTROL NUMBER | |
| System control number | (BD-RjUL)75357 |
| 040 ## - CATALOGING SOURCE | |
| Original cataloging agency | CWR |
| Modifying agency | SYB |
| -- | EQO |
| Language of cataloging | eng |
| Transcribing agency | BD-RjUL |
| 041 ## - LANGUAGE CODE | |
| Language code of text/sound track or separate title | eng |
| 082 ## - DEWEY DECIMAL CLASSIFICATION NUMBER | |
| Edition number | 23 |
| Classification number | 930.12054 |
| Author mark and year | PAS 1962 |
| 092 ## - LOCALLY ASSIGNED DEWEY CALL NUMBER (OCLC) | |
| Classification number | D0504212561 |
| 100 1# - MAIN ENTRY--PERSONAL NAME | |
| Personal name | Paterson, T. T. |
| Fuller form of name | (Thomas Thomson) |
| 9 (RLIN) | 227344 |
| 245 10 - TITLE STATEMENT | |
| Title | Soan : |
| Remainder of title | the palaeolithic of Pakistan / |
| Statement of responsibility, etc. | by T.T. Paterson & H.J.H. Drummond |
| 260 ## - PUBLICATION, DISTRIBUTION, ETC. (IMPRINT) | |
| Place of publication, distribution, etc. | [Karachi] : |
| Name of publisher, distributor, etc. | Dept. of Archaeology, Govt. of Pakistan, |
| Date of publication, distribution, etc. | 1962 |
| 300 ## - PHYSICAL DESCRIPTION | |
| Pagination | 171 p. : |
| Illustrations | ill. ; |
| Size | 25 cm. |
| 490 1# - SERIES STATEMENT | |
| Series statement | Memoir of the Department of Archaeology in Pakistan ; |
| Volume/sequential designation | no. 2 |
| 504 ## - BIBLIOGRAPHY, ETC. NOTE | |
| Bibliography, etc | Bibliographical footnotes |
| 650 #0 - SUBJECT ADDED ENTRY--TOPICAL TERM | |
| Topical term or geographic name as entry element | Stone age |
| Geographic subdivision | Pakistan |
| -- | Soān Valley |
| 9 (RLIN) | 227345 |
| 651 #0 - SUBJECT ADDED ENTRY--GEOGRAPHIC NAME | |
| Geographic name | Soān Valley |
| 9 (RLIN) | 227346 |
| 700 1# - ADDED ENTRY--PERSONAL NAME | |
| Personal name | Drummond, H. J. H. |
| 830 #0 - SERIES ADDED ENTRY--UNIFORM TITLE | |
| Uniform title | Memoirs of the Department of Archaeology in Pakistan ; |
| Volume number/sequential designation | no. 2. |
| 942 ## - ADDED ENTRY ELEMENTS (KOHA) | |
| Source of classification or shelving scheme | Dewey Decimal Classification |
| Koha item type | Books |
| Lost status | Source of classification or shelving scheme | Damaged status | Not for loan | Collection code | Permanent Location | Current Location | Shelving location | Date acquired | Source of acquisition | Cost, normal purchase price | Total Checkouts | Full call number | Date last seen | Copy number | Koha item type |
|---|---|---|---|---|---|---|---|---|---|---|---|---|---|---|---|
| Dewey Decimal Classification | Not For Loan | Non-fiction | Central Library, University of Rajshahi | Central Library, University of Rajshahi | Reading Room | 16/09/1969 | karachi pakistan book centre | 15.00 | 930.12054 PAS 1962 | 24/01/2019 | C-1 | Books | |||
| Dewey Decimal Classification | Non-fiction | Central Library, University of Rajshahi | Central Library, University of Rajshahi | 16/09/1969 | karachi pakistan book centre | 15.00 | 930.12054 PAS 1962 | 13/02/2019 | C-2 | Books |